000 00399nam a2200181Ia 4500
005 20240823035618.0
008 240823s9999||||xx |||||||||||||| ||und||
041 _aENGLISH
082 _A813.54 Q1
100 _aSheela Chari
245 0 _aVanished
250 _a1st
260 _c2011
_b"Penguin Books,New "
500 _aYES
650 _aVanished
_bGeneral
942 _cBK
999 _c201104
_d201104